Statistics for Super Smash Bros. - Splatoon Universe

Click here to take the quiz!

General Stats

  • This quiz has been taken 73 times
  • The average score is 12 of 27

Answer Stats

HintAnswer% Correct
FightersInkling
98%
SpiritsInkling (Boy)
98%
SpiritsInkling (Girl)
98%
Assist TrophiesSquid Sisters
84%
StagesMoray Towers
82%
SpiritsOctoling
78%
SpiritsOff the Hook
62%
Spirits
DJ Octavio
58%
SpiritsCap'n Cuttlefish
47%
SpiritsJudd
44%
SpiritsCrusty Sean
42%
SpiritsSheldon
42%
SpiritsLi'l Judd
38%
SpiritsMurch
38%
SpiritsZapfish
31%
SpiritsAnnie
29%
SpiritsSpyke
29%
SpiritsGreat Zapfish
27%
SpiritsJelonzo
24%
SpiritsInkling Squid
22%
SpiritsFlow
20%
SpiritsJelfonzo
20%
SpiritsOctoling Octopus
20%
SpiritsBisk
15%
SpiritsOctobot King
7%
SpiritsOctoling Girl & Octoling Boy
7%
SpiritsSuper Sea Snail
7%

Score Distribution

Percentile by Number Answered

Percent of People with Each Score

Your Score History

You have not taken this quiz